000 00566cam a2200193 4500
008 000000n2000 000 0 eng u
020 _a1860813607
035 _a(Sirsi) u105304
050 _a690
110 _aBuilding Research Establishment
245 _aCorrosion of steel in concrete : durability of reinforced concrete structures.
260 _aLondon
_bCRC
_c2000
300 _a12p. : ill. ; 30cm.
490 _aBRE Digest
_v444, Part 1
650 _aREINFORCED CONCRETE
650 _aSTEEL REINFORCEMENT
690 _aBUILT ENVIRONMENT
942 _n0
999 _c100354
_d100354